Представление документа в формате RUSMARC

ПолеНазваниеЗначение
  Тип записи a
  Библиографический уровень m
001 Контрольный номер 8c70192e761c40c985acc33729df35ab
005 Дата корректировки 20260618110422.6
010 Индекс ISBN __
b Уточнения В пер.
100 Данные общей обработки __
a Данные общей обработки 20240628d2024 d y0rusy028902 ca
101 Язык документа 0_
a Язык текста rus
102 Страна публикации __
a Страна публикации RU
105 Кодированные данные (монография) __
a Кодированные данные (монография) y z 000ay
181 Поле кодированных данных: вид содержания _0
a Код вида содержания (ISBD) i
182 Поле кодированных данных: тип средства _0
a Код типа средства (ISBD) n
200 Заглавие и сведения об ответственности 1_
a Заглавие Волшебница с острова Гроз
e Сведения, относящиеся к заглавию [приключенческий роман] : в 3 книгах
f Первые сведения об ответственности Тамара Крюкова
203 Вид содержания и тип средства __
a Вид содержания Текст
c Тип средства непосредственный
210 Выходные данные 1_
a Место издания Москва
c Издательство Чинар
d Дата издания 2024
215 Физическое описание __
d Формат 21 см
225 Серия 2_
a Серия Круг чтения
e Сведения, относящиеся к заглавию серии издание для слабовидящих
300 Общие примечания __
a Общие примечания Текст печатается по изданию: Крюкова Т. Волшебница с острова Гроз. - Москва : Аквилегия-М, 2010. - ISBN 978-5-901942-81-9
330 Аннотация __
a Аннотация Главной героине приключенческого романа Тамары Крюковой "Волшебница с острова Гроз" четырнадцать лет. Она своенравна, независима, и у нее полно проблем, как у любой девочки в ее возрасте. Но она не ведает, что ее главная проблема в том, что она наделена сильнейшим магическим даром. Ее ждут заговоры, лишения и опасности, прежде чем она узнает, что носит у себя на груди заветный оберег, - знак ее власти. Она волшебница.
333 Примечание о целевом назначении __
a Примечание о целевом назначении 12+. Для детей старше 12 лет
606 Тематические рубрики __
2 Код системы nlr_sh
a Основная рубрика Художественная литература
606 Тематические рубрики __
2 Код системы nlr_sh
a Основная рубрика Современная русская литература (произведения)
z Хронологическая подрубрика 21 в. нач.
610 Ключевые слова 0_
a Ключевые слова детская литература
610 Ключевые слова 0_
a Ключевые слова приключенческие романы
610 Ключевые слова 0_
a Ключевые слова романы
610 Ключевые слова 0_
a Ключевые слова тема волшебства
610 Ключевые слова 0_
a Ключевые слова тема магии
610 Ключевые слова 0_
a Ключевые слова волшебство
610 Ключевые слова 0_
a Ключевые слова магия
610 Ключевые слова 0_
a Ключевые слова фэнтези
610 Ключевые слова 0_
a Ключевые слова детское фэнтези
610 Ключевые слова 0_
a Ключевые слова тема девочек
610 Ключевые слова 0_
a Ключевые слова тема подростков
610 Ключевые слова 0_
a Ключевые слова тема волшебниц
610 Ключевые слова 0_
a Ключевые слова волшебницы
610 Ключевые слова 0_
a Ключевые слова магические миры
610 Ключевые слова 0_
a Ключевые слова тема заговоров
610 Ключевые слова 0_
a Ключевые слова тема власти
610 Ключевые слова 0_
a Ключевые слова обереги
610 Ключевые слова 0_
a Ключевые слова остров Гроз
610 Ключевые слова 0_
a Ключевые слова тема опасности
686 Индексы других классификаций __
2 Код системы rubbks
a Классификационный индекс ст84(2=411.2)6-445я0
700 Автор _1
a Фамилия Крюкова
b Имя Т. Ш.
f Даты 1953-
g Полное личное имя Тамара Шамильевна
4 Код отношения 070
801 Источник записи _0
a Страна RU
b Организация Муниципальное бюджетное учреждение культуры "Централизованная библиотечная система" г. Сургут (Центральная городская библиотека им. А. С. Пушкина)
c Дата составления 20240628
g Правила каталогизации PSBO
801 Источник записи _1
a Страна RU
b Организация Муниципальное бюджетное учреждение культуры "Централизованная библиотечная система" г. Сургут (Центральная городская библиотека им. А. С. Пушкина)
c Дата составления 20240628
g Правила каталогизации PSBO
852 Данные о местонахождении __
i Авторский знак К 85
j Шифр хранения ст84(2=411.2)6-445я0
901 Тип документа __
a Ответственный ООФиК/Губина
t Тип документа v
903 Характеристики (МАРС) __
a Дата передачи 20240628
c Наименование библиотеки (МАРС) Муниципальное бюджетное учреждение культуры "Централизованная библиотечная система" г. Сургут (Центральная городская библиотека им. А. С. Пушкина)
969 Тип издания __
a Тип издания спецформат-крупношрифтовое
a Тип издания издание для слепых
a Тип издания крупношрифтовое издание
a Тип издания издание для детей
a Тип издания издание для подростков